Statystyki dla Zwycięzcy Ligi Mistrzów

Kliknij tutaj aby rozwiązać quiz!

Ogólne statystyki

  • Ten quiz został rozwiązany 1 171 razy
  • Średni wynik to 13 z 22

Statystyki odpowiedzi

Ilość zwycięstwDrużyna% Poprawnych
13Real Madryt
99%
5FC Barcelona
96%
6Bayern Monachium
93%
6Liverpool
92%
7AC Milan
89%
3Manchester United
89%
2Juventus Turyn
83%
2Chelsea
82%
3Inter Mediolan
82%
4Ajax Amsterdam
70%
2FC Porto
68%
1Borussia Dortmund
64%
2Benfica Lizbona
46%
2Nottingham Forest
46%
1Olympique Maryslia
38%
1Aston Villa
29%
1Crvena Zvezda
29%
1Celtic
27%
1Hamburger SV
24%
1Steaua Bukareszt
22%
1Feyenoord
17%
1PSV Eindhoven
17%

Rozkład punktacji

Percentyl według liczby udzielonych odpowiedzi

Procent ludzi z każdym wynikiem

Twoja historia wyników

Nie rozwiązałeś tego quizu